Phép biến đổi Laplace. Ứng dụng để giải một số bài toán vật lý
Tổng quát về phép biến đổi Laplace. Ứng dụng để giải một số bài toán vật lý
Saved in:
| Main Author: | |
|---|---|
| Other Authors: | |
| Format: | Book |
| Language: | Vietnamese |
| Published: |
Đại học Đà Nẵng
Trường đại học Sư Phạm
2009
|
| Series: | Khóa luận tốt nghiệp đại học. Chuyên ngành: Sư phạm Lý
|
| Subjects: | |
| Tags: |
Add Tag
No Tags, Be the first to tag this record!
|
| Institutions: | Mạng thư viện Đại học Đà Nẵng |
|---|
| LEADER | 01399nam a2200349 4500 | ||
|---|---|---|---|
| 001 | 000012074 | ||
| 003 | 8360 | ||
| 005 | 20120215100239.0 | ||
| 008 | 120215s2009 viesd | ||
| 041 | |a vie | ||
| 072 | |a Khóa luận tốt nghiệp | ||
| 082 | |a 530.076 |b PH-T | ||
| 100 | |a Phan, Thị Thanh | ||
| 245 | |a Phép biến đổi Laplace. Ứng dụng để giải một số bài toán vật lý |c Phan, Thị Thanh | ||
| 260 | |a Đại học Đà Nẵng |b Trường đại học Sư Phạm |c 2009 | ||
| 300 | |a 87 tr. |c 29 cm | ||
| 490 | |a Khóa luận tốt nghiệp đại học. Chuyên ngành: Sư phạm Lý | ||
| 500 | |a Tham khảo tr.87 | ||
| 520 | |a Tổng quát về phép biến đổi Laplace. Ứng dụng để giải một số bài toán vật lý | ||
| 653 | |a Khóa luận tốt nghiệp đại học | ||
| 653 | |a Khoa Vật lý | ||
| 700 | |a Đặng, Văn Hậu |c Th.S |e Hướng dẫn | ||
| OWN | |a LSP | ||
| AVA | |a UDN50 |b LSP |d 530.076 PH-T |e available |t Error 5001 Not defined in file expand_doc_bib_avail. |f 1 |g 0 |h N |i 0 |k 1 | ||
| 999 | |a From the UDN01 | ||
| AVA | |a UDN50 |b LSP |d 530.076 PH-T |e available |t Error 5001 Not defined in file expand_doc_bib_avail. |f 1 |g 0 |h N |i 0 |k 1 | ||
| TYP | |a Monograph | ||
| TYP | |a Printed language | ||
| 980 | |a Mạng thư viện Đại học Đà Nẵng | ||